Statistics for The 20 most populous countries in Africa as of 2019

Click here to take the quiz!

General Stats

  • This quiz has been taken 38 times
  • The average score is 10 of 20

Answer Stats

PopulationCountry% Correct
199MNigeria
97%
96MEgypt
89%
109MEthiopia
89%
58MSouth Africa
75%
42MAlgeria
72%
51MKenya
72%
60MTanzania
67%
45MUganda
64%
36MMorocco
58%
86MD.R.C
53%
40MSudan
53%
30MAngola
42%
31MMozambique
39%
30MGhana
36%
26MMadagascar
36%
22MNiger
28%
25MIvory Coast
25%
25MCameroon
19%
20MBurkina Faso
14%
19MMalawi
14%

Score Distribution

Percentile by Number Answered

Percent of People with Each Score

Your Score History

You have not taken this quiz